Statistics for New Zealand Landmarks by Cities

Click here to take the quiz!

General Stats

  • This quiz has been taken 41 times
  • The average score is 4 of 15

Answer Stats

HintAnswer% Correct
AucklandSky Tower
100%
WellingtonBeehive (Parliament)
90%
ChristchurchCardboard Cathedral
67%
DunedinLarnoch Castle
28%
NapierPania of the Reef Statue
18%
Palmerston NorthClock Tower
18%
New PlymouthWind Wand
18%
GisborneStatue of Young Nick
8%
HamiltonHamilton New Zealand Temple (LDS)
5%
TaurangaHairy Maclary and Friends Tauranga Waterfront Sculpture
5%
RotoruaRotorua Museum
3%
InvercargillSouthland Museum Tuatara Statue
3%
WhanganuiWar Memorial Tower
3%
NelsonWorld of Wearable Art Museum
0%
WhangareiWaka 'n' Wave Sculpture
0%

Score Distribution

Percentile by Number Answered

Percent of People with Each Score

Your Score History

You have not taken this quiz